Normal view
MARC view
Entry Topical Term
001 - CONTROL NUMBER
- control field: 9416
003 - CONTROL NUMBER IDENTIFIER
- control field: BD-RjUL
005 - DATE AND TIME OF LATEST TRANSACTION
- control field: 20231009100222.0
008 - FIXED-LENGTH DATA ELEMENTS
- fixed length control field: 231009|| aca||aabn | a|a d
040 ## - CATALOGING SOURCE
- Original cataloging agency: BD-RjUL
- Transcribing agency: BD-RjUL
150 ## - HEADING--TOPICAL TERM
- Topical term or geographic name entry element: Vertical Surface
- Form subdivision: Flow of Fluid
670 ## - SOURCE DATA FOUND
- Source citation: Work cat.: (BD-RjUL)82065: Ahmmed, Sarder Firoz 9415, study of Mhd Free Convection Flow of Fluid of a Vertical Surface /, 2011